Luxembourg Airport Destinations (Luxembourg, Luxembourg) - Statistics

General Stats
  • This quiz has been taken 200 times
    108 since last reset
  • The average score is 69 of 110
Answer Stats
Airline Destination % Correct
Luxair London (City)
95%
British Airways London (Heathrow)
95%
Ryanair London (Stansted)
95%
Luxair Paris (Charles de Gaulle)
95%
LOT Polish Airlines Warsaw (Chopin)
95%
KLM Amsterdam
94%
Luxair Berlin
94%
easyJet/Luxair/Ryanair/TAP Air Portugal Lisbon
94%
easyJet/Luxair/Ryanair/TAP Air Portugal Porto
94%
Aegean Airlines Athens
92%
Luxair/Ryanair Barcelona
92%
Luxair/Ryanair Dublin
92%
Luxair/Wizz Air Rome (Fiumicino)
92%
Luxair Vienna
92%
Swiss International Air Lines Zurich
92%
Luxair Copenhagen
91%
Luxair/Ryanair Madrid
91%
easyJet/Luxair Milan (Linate)
91%
easyJet/Luxair Milan (Malpensa)
91%
Air Dolomiti/Lufthansa Frankfurt
89%
Luxair Geneva
89%
Turkish Airlines Istanbul
89%
Lufthansa/Luxair Munich
89%
Luxair Stockholm (Arlanda)
89%
Luxair Hamburg
88%
Luxair Manchester
88%
Luxair/Volotea Nice
88%
Luxair Oslo
88%
Luxair Málaga
86%
Ryanair Marseille
83%
Luxair Budapest
81%
easyJet/Luxair Naples
81%
Luxair Prague
81%
Luxair/Ryanair Faro
80%
Luxair Venice
80%
Luxair/Wizz Air Bucharest (Otopeni)
78%
Luxair Krakow
78%
Luxair/Ryanair Palma de Mallorca
78%
Luxair Dubai (Al Maktoum)
77%
Luxair Florence
77%
Luxair Palermo
77%
Volotea Alicante
75%
Luxair Ibiza
75%
Luxair Bologna
73%
Luxair Bordeaux
73%
Ryanair Seville
73%
Luxair Tenerife (South)
73%
Luxair Dubrovnik
72%
Ryanair Toulouse
72%
Luxair Valencia
72%
Luxair Catania
70%
Luxair Gran Canaria
70%
Luxair Antalya
69%
Luxair Bari
69%
Luxair Corfu
69%
Luxair/Ryanair Malta
69%
Luxair Sal
69%
Luxair Thessaloniki
69%
Luxair Izmir
66%
China Southern Airlines Guangzhou
64%
Luxair Heraklion
64%
Luxair Abu Dhabi
61%
Luxair Fuerteventura
61%
Luxair Santorini
61%
Luxair Cagliari
59%
Luxair Salzburg
59%
Luxair Lanzarote
58%
Luxair Mykonos
58%
Ryanair Bergamo
56%
Luxair Kos
56%
Luxair Marrakesh
56%
Luxair Menorca
56%
Luxair Funchal
55%
Luxair Rhodes
55%
Luxair Chania
53%
Luxair Ljubljana
52%
Luxair Ajaccio
50%
Luxair Hurghada
48%
Luxair Agadir
47%
Luxair Montpellier
45%
Luxair Varna
44%
Luxair Bastia
42%
Luxair Brindisi
42%
Luxair Burgas
42%
Luxair Zadar
42%
Luxair Almería
39%
Wizz Air Skopje
39%
Luxair Djerba
38%
China Southern Airlines Zhengzhou
38%
Luxair Biarritz
36%
Luxair Tivat
36%
Luxair Marsa Alam
34%
Luxair Boa Vista
31%
Luxair Rimini
31%
Luxair Enfidha
30%
Luxair Lamezia Terme
30%
GP Aviation Pristina
30%
Luxair Monastir
28%
Luxair Calvi
25%
Luxair Figari
25%
Luxair Luxor
25%
Luxair Dakar (Diass)
23%
Luxair Jerez de la Frontera
22%
Luxair Praia
22%
Luxair Toulon
22%
Luxair Pescara
17%
Luxair Sylt
11%
Luxair Sao Vicente
9%
Luxair Brač
5%
Luxair Heringsdorf
5%
No matching quizzes found
Score Distribution
Percent of People with Each Score
Percentile by Number Answered
Your Score History
You have not taken this quiz since the last reset